000 01784cac a22002771u 4500
008 091022t19952009xxu||||| |||| 00| 0 eng d
010 _a
020 _a0137133359
020 _a9780137133352
082 0 0 _222
_a338.5
_bPIN
100 _99066
_aPindyck, Robert S.
245 1 0 _aMicroeconomics /
_cRobert S. Pindyck, Daniel L. Rubinfeld.
250 _a7th ed.
_bInternational ed.
260 _aUpper Saddle River, N.J. :
_bPearson Prentice Hall,
_cc2009
300 _axxxii, 736 p. :
_bill. (some col.) ;
_c27 cm.
500 _aIncludes index.
650 0 _aMicroeconomics.
_99067
700 1 _aRubinfeld, Daniel L.
_99068
942 _cBB
_k338.5 PIN
_2ddc
999 _c12832
_d12832